|
|
|
|
| LEADER |
00000nam0a2200000 4500 |
| 001 |
36218 |
| 005 |
20231031001433.0 |
| 035 |
|
|
|a (RuTPU)RU\TPU\book\36688
|
| 035 |
|
|
|a BOOK00003340
|
| 090 |
|
|
|a 36218
|
| 100 |
|
|
|a 20011210d1984 k y0rusy50 ca
|
| 101 |
0 |
|
|a rus
|
| 102 |
|
|
|a RU
|
| 105 |
|
|
|a a z 001zy
|
| 200 |
1 |
|
|a Пути использования вторичных энергоресурсов в химических производствах
|f Д. И. Хараз, Б. И. Псахис
|
| 210 |
|
|
|a Москва
|c Химия
|d 1984
|
| 215 |
|
|
|a 224 с.
|c ил.
|
| 225 |
1 |
|
|a Экономия топлива и электроэнергии
|
| 320 |
|
|
|a Библиогр.: с. 218-222 (107 назв.).
|
| 610 |
1 |
|
|a химия
|
| 610 |
1 |
|
|a химические заводы
|
| 610 |
1 |
|
|a энергетические ресурсы
|
| 610 |
1 |
|
|a использование
|
| 610 |
1 |
|
|a классификация
|
| 610 |
1 |
|
|a схемы
|
| 610 |
1 |
|
|a оборудование
|
| 610 |
1 |
|
|a окружающая среда
|
| 610 |
1 |
|
|a охрана
|
| 675 |
|
|
|a 66.013
|v 3
|
| 700 |
|
1 |
|a Хараз
|b Д. И.
|g Дмитрий Исакович
|
| 701 |
|
1 |
|a Псахис
|b Б. И.
|g Борис Иосифович
|
| 801 |
|
0 |
|a RU
|b 63413507
|c 20011210
|g PSBO
|
| 801 |
|
2 |
|a RU
|b 63413507
|c 20160530
|g PSBO
|
| 900 |
|
|
|a Техническая термодинамика и энерготехнология
|
| 942 |
|
|
|c BK
|